000 00421nam a2200181Ia 4500
005 20250423101427.0
008 250422s9999 xx 000 0 und d
020 _a978-0-273-71147-6
050 _aHQ 755.8 .T46/
100 _aTemplar, Richard
245 4 _aThe rules of parenting
260 _aHarlow
260 _bPearson Education
260 _c2008
300 _a239 p
650 _aLiterature
942 _cBK
999 _c36270
_d36270